000 nam a22 7a 4500
999 _c47762
_d47762
003 OSt
005 20190517120108.0
008 190517b xxu||||| |||| 00| 0 eng d
040 _cIIMT COLLEGE OF ENGINEERING,GREATER NOIDA
100 _aSINGH,J.P.
245 _aOPERATION RESEARCH
260 _aNEW DELHI
_bANE
_c2014
300 _a13.39
942 _2ddc
_c02